[Event "Interzonal-14b"]
[Site "Szirak"]
[Date "1987.??.??"]
[Round "3"]
[White "Nunn, John DM"]
[Black "De la Villa Garcia, Jesus Maria"]
[Result "1-0"]
[WhiteElo "2585"]
[BlackElo "2485"]
[Annotator "Ernst,T"]
[PlyCount "103"]
[EventDate "1987.07.??"]
[EventType "tourn"]
[EventRounds "17"]
[EventCountry "HUN"]
[EventCategory "12"]
[SourceTitle "CBM 003"]
[Source "ChessBase"]
[SourceDate "1988.04.01"]
[SourceVersion "1"]
[SourceVersionDate "1988.04.01"]
[SourceQuality "1"]

1. e4 e5 2. Nf3 Nc6 3. Bb5 f5 4. Nc3 Nd4 (4... Nf6 5. exf5 $5 Bc5 6. Nxe5 Nd4
7. O-O O-O 8. Ba4 d5 9. Nf3 Bxf5 10. Nxd4 Bxd4 11. Ne2 $14) 5. exf5 c6 6. Nxe5
$1 (6. Be2 d6 7. Nxd4 exd4 8. Ne4 Bxf5 9. Ng3 $14) 6... Nf6 $6 (6... cxb5 $2 7.
Qh5+ g6 8. fxg6 Nf6 9. g7+ Nxh5 10. gxh8=Q Nxc2+ 11. Kd1 Nxa1 12. Re1 $18) (
6... Nxb5 $6 7. Qh5+ Ke7 8. Nxb5 cxb5 9. Qf7+ Kd6 10. d4 $16) (6... Qe7 $5 7.
O-O Kd8 $8 8. Re1 Nxb5 (8... cxb5 9. Nd5 $18) 9. Nxb5 cxb5 10. d4 $14) 7. Bd3
$1 $16 d6 (7... Qe7 8. O-O $18) 8. Ng4 (8. Nf3 $2 Qe7+ $13) 8... Nxf5 (8...
Qe7+ 9. Ne3 $16) 9. O-O Be7 10. Nxf6+ $6 (10. Ne3 $1 Nd4 (10... Nxe3 11. dxe3
$16) 11. Ne2 Ne6 12. c3 {/\ Bc2, d4+/-}) 10... Bxf6 11. Re1+ Kf7 12. Ne4 Rf8
13. c3 Kg8 14. Bc2 d5 15. Ng3 $2 (15. Nxf6+ Qxf6 16. d4 Nh4 17. Be3 Bh3 (17...
Bf5 18. Bxf5 Qxf5 19. h3 $1 h5 20. Qb1 $16) 18. gxh3 Nf3+ 19. Kg2 Rae8 (19...
Qd6 20. Qxf3 $18) 20. Rg1 $16) 15... Nxg3 16. hxg3 d4 $1 17. Be4 {/\ d3+/-} Qb6
(17... Qa5 $1 $14) 18. Qc2 $1 (18. Qb3+ $2 Kh8 19. Qxb6 axb6 20. c4 d3 $1 21.
Bxd3 Bd4 22. Rf1 Bg4 $17) (18. Qh5 g6 19. Bxg6 $10) 18... d3 (18... Bg4 19. d3
$16) 19. Qxd3 (19. Bxd3 $4 Qxf2+ $1 $19) 19... Bxc3 $8 20. bxc3 $5 (20. Bxh7+
Kh8 21. Re4 $1 Qxf2+ 22. Kh2 Bf6 23. Rf4 Qc5 24. Bg6 Qd5 (24... Be6 25. Qe4 Bd5
26. Qf5 $18) 25. Qxd5 cxd5 26. d4 $16) 20... Qxf2+ 21. Kh2 Qxe1 (21... Rf6 22.
Qd8+ Kf7 23. Bd5+ Kg6 24. Qe8+ $18) 22. Ba3 $1 Qxa1 23. Bxh7+ Kh8 24. Bxf8 Be6
$1 (24... Bf5 25. Qxf5 Rxf8 26. Qh5 $1 (26. Qxf8+ Kxh7 27. Qf5+ Kh8 28. Qc8+
Kh7 29. Qxb7 Qxa2 $14) 26... g6 (26... Rf6 27. Bg6+ Kg8 28. Qh7+ Kf8 29. Qh8+
Ke7 30. Qxg7+ Ke6 31. g4 $16) 27. Bxg6+ (27. Qh6 $2 Rf1 $1) 27... Kg7 28. Qh7+
Kf6 29. Qh6 $1 Ra8 (29... Rd8 30. Bh5+ Ke7 31. Qg5+ Kd7 32. Bg4+ Ke8 33. Qg8+
Ke7 34. Qg7+ Kd6 35. Qf6+ Kc7 36. Qe7+ $18) 30. d4 $1 $16 Qxc3 $2 31. Be4+ Kf7
32. Qh7+ Kf6 33. Qg6+ Ke7 34. Qg7+ Kd6 35. Qe5+ Kd7 36. Bf5+ $18) (24... Bg4
25. Bxg7+ Kxg7 26. Qg6+ Kf8 (26... Kh8 27. Qh6 $18) 27. Qg8+ Ke7 28. Qxa8 $16)
25. Bxg7+ Kxg7 26. Qg6+ Kh8 (26... Kf8 27. Qxe6 Qd1 (27... Rd8 28. Qf6+ Ke8 29.
Bg6+ Kd7 30. Bf5+ Ke8 31. Qh8+ Ke7 32. Qg7+ Kd6 33. Qf6+ $18) 28. Qf6+ Ke8 29.
Bg6+ Kd7 30. Qf7+ Kd6 31. Qf4+ Kd7 32. Bf5+ Ke7 33. Qe5+ Kf7 34. Qe6+ Kf8 35.
Qh6+ Kf7 36. Qh7+ Kf6 37. Qg6+ Ke7 38. Qg7+ Kd6 39. Qd7+ $18) 27. Qh6 Bd5 (
27... Bxa2 28. Bg6+ Kg8 29. Qh7+ Kf8 30. Qh8+ Ke7 31. Qxa8 Qb2 32. Qxa7 Qxd2
33. Qxb7+ Kf6 34. Qh7 $16) 28. Be4+ (28. Bg6+ $6 Kg8 29. Qh7+ Kf8 30. Qh8+ Ke7
31. Qxa8 Qxa2 32. Qxb7+ Kf6 $14) 28... Kg8 29. Qh7+ Kf8 30. Bxd5 cxd5 31. Qh8+
Ke7 32. Qxa8 $16 Qxa2 33. Qxb7+ Kd6 34. Qb8+ Kc6 35. Qf4 $2 (35. Qc8+ $142 $1
Kd6 36. Qf8+ Kc6 37. Qf6+ Kd7 38. Qf4 $1 $16) 35... Qc4 $1 36. Qf5 a5 37. g4 a4
38. d3 Qc5 (38... Qb3 $142 $5) 39. Qc8+ Kb5 40. Qb7+ Ka5 41. g5 Qd6+ $2 (41...
Qxc3 $142 $1 42. Qxd5+ Kb4 43. g6 (43. Qc4+ Qxc4 44. dxc4 a3 45. g6 a2 46. g7
a1=Q 47. g8=Q Qe5+ $10) 43... a3 44. Qb7+ Ka4 45. g7 Qe5+ 46. Kh3 $14) 42. g3
$18 a3 43. g6 Ka4 (43... Qxg6 44. Qb4+ Ka6 45. Qxa3+ Kb6 46. Qb4+ {/\ Qd4}) 44.
g7 $1 Qh6+ 45. Kg2 Qd2+ 46. Kh3 Qh6+ 47. Kg4 Qg6+ 48. Kf4 Qf6+ 49. Ke3 d4+ (
49... Qe5+ 50. Kf2 Qf5+ 51. Kg2) (49... Qh6+ 50. Kf3 Qh5+ (50... Qh1+ 51. Kg4
Qd1+ 52. Kh4 Qh1+ 53. Kg5 Qc1+ 54. Kg6) 51. g4 Qh1+ 52. Kf4 Qh2+ 53. Kf5 Qf2+
54. Kg6) 50. Ke4 Qe6+ 51. Kxd4 Qg4+ 52. Kc5 (52. Kc5 Qg5+ (52... Qf5+ 53. Qd5
$18) 53. Qd5 Qe7+ 54. Kb6 $18) 1-0

[Event "Santa Clara"]
[Site "Santa Clara"]
[Date "1991.??.??"]
[Round "3"]
[White "Diaz Diaz, Joaquin Carlos"]
[Black "Antunes, Antonio"]
[Result "1/2-1/2"]
[WhiteElo "2430"]
[BlackElo "2460"]
[Annotator "Ernst,T"]
[PlyCount "76"]
[EventDate "1991.02.??"]
[EventType "tourn"]
[EventRounds "13"]
[EventCountry "CUB"]
[EventCategory "9"]
[SourceTitle "CBM 026"]
[Source "ChessBase"]
[SourceDate "1992.02.01"]
[SourceVersion "1"]
[SourceVersionDate "1992.02.01"]
[SourceQuality "1"]

1. e4 e5 2. Nf3 Nc6 3. Bb5 f5 4. Nc3 fxe4 5. Nxe4 Nf6 6. Nxf6+ Qxf6 7. Qe2 Be7
8. Bxc6 bxc6 9. Nxe5 $14 c5 10. O-O Bb7 11. b3 O-O-O 12. Bb2 h5 13. f3 Rde8 14.
Qd3 Qe6 15. Ng6 {Weiss möchte gerne den Läufer e7 abtauschen, aber dannach
entsteht eine Position mit ungleichfarbigen Läufer, die eine gewisse
Remistendenz hat.} Rh6 16. Nxe7+ Qxe7 17. Qc3 g5 18. Qg7 Qxg7 19. Bxg7 Rhe6 20.
Bc3 d5 21. d3 Re2 22. Rae1 g4 23. Rxe2 Rxe2 24. Rf2 gxf3 25. Rxe2 fxe2 $10 26.
Kf2 Kd7 27. Ba5 c4 28. d4 Ba6 29. Ke3 Ke6 30. Kf4 Kf6 31. Be1 cxb3 32. axb3 Bc8
33. Bh4+ Kg6 34. Ke5 Bf5 35. c3 Bc2 36. b4 Bb3 37. Ke6 c6 38. h3 a6 1/2-1/2

[Event "FIDE World Cup"]
[Site "Khanty-Mansiysk"]
[Date "2011.08.31"]
[Round "2.1"]
[White "Gashimov, Vugar"]
[Black "Azarov, Sergei Nikolaevich"]
[Result "1-0"]
[WhiteElo "2760"]
[BlackElo "2648"]
[Annotator "Gashimov,V"]
[PlyCount "45"]
[EventDate "2011.08.28"]
[EventType "k.o."]
[EventRounds "7"]
[EventCountry "RUS"]
[SourceTitle "CBM 145"]
[Source "ChessBase"]
[SourceDate "2011.11.11"]
[SourceVersion "1"]
[SourceVersionDate "2011.11.11"]
[SourceQuality "1"]

1. e4 e5 2. Nf3 Nc6 3. Bb5 f5 4. d3 fxe4 5. dxe4 Nf6 6. Be3 $5 {A very
interesting move. The idea is simple, not to to let Black play ...Bc5.} Bb4+ 7.
c3 Be7 8. Bxc6 bxc6 $6 {Too optimistic.} (8... dxc6 9. Qxd8+ Bxd8 10. Nbd2 Ng4
11. Bg5 {I believe that the endgame must be better for White. But anyway, it
was the best choice for Black.}) 9. Nxe5 Ba6 10. Nd2 Rb8 11. Qa4 Qc8 12. O-O-O
O-O 13. Bg5 Kh8 14. c4 $1 {So as not to let Black, play ...Bb5 and ...Qa6 with
some chances for activity.} c5 15. h4 {It's time to expose the king!} Rb6 16.
h5 d6 17. Ng6+ hxg6 18. hxg6+ Kg8 19. Qa3 $1 {A very important move.} Qg4 (
19... Qe8 $2 20. Bxf6 Bxf6 21. Rh8+ $18) (19... Qe6 20. Rh4 Rfb8 21. Rdh1 Kf8
22. Rf4 Qg8 (22... Ke8 23. Qa4+ $18) 23. Rh7 {/\ 24.Qh3} Bxc4 (23... Bc8 24.
Qf3 Be6 25. Bxf6 Bxf6 26. Rxf6+ $18) 24. Bxf6 Bxf6 25. e5 dxe5 26. Rxc4 $18)
20. f4 Rfb8 21. Rh4 Qe6 (21... Qxg2 22. Qd3 {[%cal Gg5f6,Gd3d5]}) 22. Rdh1 Kf8
23. f5 {Black resigned. And a mate which I had seen only in books, could
happen in my game, but didn't...} (23. f5 Qe5 24. Rh8+ Ng8 25. Rxg8+ Kxg8 26.
Rh8+ Kxh8 27. Qh3+ Kg8 28. Qh7+ Kf8 29. Qh8#) 1-0

[Event "Utrecht OKU op"]
[Site "Utrecht"]
[Date "2005.06.12"]
[Round "5"]
[White "Nijboer, Friso"]
[Black "Inkiov, Ventzislav"]
[Result "1/2-1/2"]
[WhiteElo "2549"]
[BlackElo "2495"]
[Annotator "Gutman,L"]
[PlyCount "47"]
[EventDate "2005.06.10"]
[EventType "swiss"]
[EventRounds "6"]
[EventCountry "NED"]
[SourceTitle "CBM 106 Extra"]
[Source "ChessBase"]
[SourceDate "2005.07.01"]
[SourceVersion "1"]
[SourceVersionDate "2005.07.01"]
[SourceQuality "1"]

1. e4 e5 2. Nf3 Nc6 3. Bb5 f5 4. Nc3 fxe4 5. Nxe4 d5 6. Nxe5 dxe4 7. Nxc6 Qg5
8. Qe2 Nf6 9. Ne5+ c6 10. f4 Qxf4 11. d4 Qh4+ 12. g3 Qh3 13. Bc4 Be6 14. Bg5
O-O-O 15. O-O-O Bd6 {Das Jaenisch-Gambit war keine Überraschung, und man
könnte von Nijboer etwas Anspruchsvolleres erwarten.} 16. Qf1 (16. Bxe6+ Qxe6
17. Qc4 Qxc4 18. Nxc4 Bc7 19. Rhf1 Rhf8 {brachte Schwarz Erfolg in
Berend-Inkiov, Maromme 1994.}) 16... Rhf8 17. Qxh3 (17. Bxe6+ Qxe6 18. Qc4 Qxc4
19. Nxc4 h6 20. Bxf6 Rxf6 21. Rhe1 Re6 22. Re2 {gefällt mir besser.}) 17...
Bxh3 18. Nf7 Rd7 19. Nxd6+ Rxd6 20. Bf4 Rd7 21. Rhe1 b5 22. Bb3 Bg4 23. Rd2 Nd5
24. Bxd5 1/2-1/2

[Event "EU-chT (Men) 13th"]
[Site "Leon"]
[Date "2001.11.13"]
[Round "7.2"]
[White "Volkmann, Friedrich Karl"]
[Black "Seitaj, Ilir"]
[Result "0-1"]
[WhiteElo "2414"]
[BlackElo "2386"]
[Annotator "Hecht,H"]
[PlyCount "160"]
[EventDate "2001.11.06"]
[EventType "team-swiss"]
[EventRounds "9"]
[EventCountry "ESP"]
[SourceTitle "CBM 086"]
[Source "ChessBase"]
[SourceDate "2002.02.05"]
[SourceVersion "1"]
[SourceVersionDate "2002.02.05"]
[SourceQuality "1"]
[WhiteTeam "Austria"]
[BlackTeam "Albania"]
[WhiteTeamCountry "AUT"]
[BlackTeamCountry "ALB"]

1. e4 e5 2. Nf3 Nc6 3. Bb5 f5 4. Nc3 fxe4 5. Nxe4 d5 6. Nxe5 dxe4 7. Nxc6 Qg5
8. Qe2 Nf6 9. f4 Qxf4 10. Ne5+ c6 11. d4 Qh4+ 12. g3 Qh3 13. Bc4 Be6 14. Bg5
Bd6 15. Rf1 O-O 16. Ng4 Nd5 17. Nf2 Qxh2 18. O-O-O Bxg3 19. Qxe4 Bf5 20. Bxd5+
Kh8 21. Qf3 cxd5 22. Nd3 Rac8 23. Rd2 Qh3 24. Be7 Rf7 25. Ne5 Rxe7 26. Rh1 Rxe5
27. dxe5 Qg4 28. Qxg4 Bxg4 29. Rg1 Bf4 30. Rxg4 Bxd2+ 31. Kxd2 Re8 32. Rb4 b6
33. Ra4 a5 34. b4 axb4 35. Kd3 h5 36. Kd4 g5 37. Rxb4 h4 38. Kxd5 h3 {[#]
Turm- und Königseinsatz in Angriff und Verteidigung} 39. Ke4 $2 (39. Rxb6 Kg7
40. Rb1 $14) 39... h2 40. Rb1 Kg7 $6 (40... Rf8 41. Rh1 Rf2 $19 {[%cal Rg5g4,
Rg4g3,Gf2f8,Gh8g8,Gg8f8,Gf8e8]}) ({oder} 40... Rc8 41. Kf5 Rxc2 42. Kxg5 $2
Rg2+ 43. Kh6 Rg1 $19) 41. Rh1 Rh8 42. Kf5 Rf8+ 43. Kxg5 Rf2 44. e6 Rxc2 45. a4
Re2 $6 (45... Kf8 $1 46. Kf6 Rf2+ 47. Ke5 Ke7 48. Kd5 Re2 {[%csl Re6]} 49. Rc1
Rxe6 50. Rc7+ Kf6 51. Rh7 Re2 $19) 46. Kg4 Kf6 47. Kg3 Rb2 48. Re1 Ke7 49. Kf3
Rd2 50. Rb1 Ra2 51. Kg3 Re2 52. Kf3 $2 (52. Kh3 $1 {[%csl Yg3,Yh3][%cal Rb1b6,
Gb1h1,Rg3h2,Rh3h2]}) 52... Rxe6 53. Kg2 Rh6 54. Kh1 Kd7 55. Rb5 Kc6 56. Rb4 Rh5
57. Rg4 Kb7 58. Rf4 Ka6 59. Rg4 Ka5 60. Rf4 Rh3 61. Rg4 Ra3 62. Kxh2 Rxa4 $19 {
wegen der Abwesenheit des weißen Königs vom Hauptschauplatz} 63. Rg3 b5 64. Kg2
Rf4 65. Ra3+ Kb6 66. Kg3 b4 67. Rb3 Rd4 68. Kf2 Kb5 69. Ke3 Rd8 70. Rb1 Kc4 71.
Ke2 Kc3 72. Rc1+ Kb2 73. Rc7 b3 74. Ra7 Kb1 75. Ra6 b2 76. Ra7 Rd5 77. Ke3 Kc2
78. Rc7+ Kd1 79. Rb7 Rd2 80. Rh7 Rd5 0-1

[Event "Dresden (Women)"]
[Site "Dresden"]
[Date "1994.??.??"]
[Round "?"]
[White "Dabrowska, Krystyna"]
[Black "Belic, Jordanka"]
[Result "1-0"]
[WhiteElo "2300"]
[BlackElo "2330"]
[Annotator "Konikowski,J"]
[PlyCount "69"]
[EventDate "1994.??.??"]
[EventType "tourn"]
[EventRounds "9"]
[EventCountry "GER"]
[EventCategory "3"]
[SourceTitle "CBM 043"]
[Source "ChessBase"]
[SourceDate "1994.12.01"]
[SourceVersion "1"]
[SourceVersionDate "1994.12.01"]
[SourceQuality "1"]

1. e4 e5 2. Nf3 Nc6 3. Bb5 f5 4. Nc3 (4. O-O fxe4 5. Bxc6 dxc6 6. Nxe5 Qd4 7.
Ng4 h5 $5 (7... Bf5 $5 8. Ne3 Bg6 $13) 8. c3 Qd6 9. Ne3 Nf6 10. Qa4 Be7 11. Qd4
Qxd4 12. cxd4 Be6 13. b3 a5 14. Nc3 O-O 15. Bb2 Rfd8 16. Nc2 Bf5 17. Rfe1 Bf8
18. Rac1 Bg6 19. h3 Bd6 20. Ne3 Bb4 21. a3 Bf8 22. Ne2 h4 $17 {Kaminski,
M-Micic,J/Dortmund/1992/}) 4... fxe4 5. Nxe4 Nf6 (5... d5 6. Nxe5 (6. Ng3 Bg4
7. O-O Qf6 8. Bxc6+ bxc6 9. d3 Ne7 10. Re1 O-O-O $5 11. Bg5 Bxf3 12. Bxf6 Bxd1
13. Bxe7 Bxe7 14. Raxd1 Bd6 15. Nf5 Rd7 16. d4 e4 $10 {Geller,E-Tseitlin,Mi/
Moscow/1992/}) 6... dxe4 7. Nxc6 Qg5 8. Qe2 Nf6 9. f4 Qxf4 (9... Qh4+ 10. g3
Qh3 11. Ne5+ c6 12. Bc4 Bc5 13. d3 Ng4 14. Qxe4 Nf2 15. Bf7+ Kd8 (15... Ke7 16.
Qc4 Bb6 17. Rf1 Qxh2 18. Qb4+ c5 19. Qd2 Ng4 20. Qxh2 Nxh2 21. Rh1 $18) 16. Qc4
$1 Bb6 (16... Nxh1 17. Qxc5 Kc7 18. Qe7+ Bd7 19. f5 Qxf5 20. Bf4 $18) 17. Rf1
Qxh2 (17... Ng4 18. Nxg4 Qxg4 19. f5 Qxc4 20. Bg5+ Kc7 21. Bxc4 $18 {Heemsoth,
H-Konstantinopolski/corr/1975/78/}) 18. Qb4 Kc7 (18... c5 19. Qd2 Ng4 20. Qxh2
Nxh2 21. Rh1 Ng4 22. Ng6 $18 {Konikowski,J-Hawelko,M/Augustow/1974/}) 19. Be3
$1 Ng4 20. Bxb6+ axb6 21. Qe7+ Kb8 22. O-O-O Qxg3 23. Qd6+ Ka7 24. Rf3 Qg2 25.
d4 b5 26. Nxc6+ $1 {1-0 Konikowski,J-Roose/corr/1973/74/}) 10. Ne5+ c6 11. d4
Qh4+ 12. g3 Qh3 13. Bc4 Be6 14. Bf4 Rd8 15. O-O-O Bd6 16. Bg5 $5 Qf5 (16... O-O
17. Qf1 $1 Kh8 (17... Nd5 18. Qxh3 Bxh3 19. Bxd8 $18) 18. Qxh3 Bxh3 19. Nf7+
$18 {Bologan,V}) 17. Bxf6 gxf6 18. Rhf1 Qg5+ 19. Kb1 Bxe5 (19... fxe5 20. Bxe6
Rf8 21. Qxe4 $16) 20. Bxe6 Rxd4 21. Rf4 $1 Ke7 $2 (21... Rxd1+ 22. Qxd1 Qg7 (
22... Bxf4 23. Qd7+ Kf8 24. Qf7#) 23. Rxe4 Qc7 24. Qh5+ Ke7 25. Bb3 $14) 22.
Rxd4 Bxd4 23. Rxe4 Rd8 24. Bc4+ Be5 25. Bd3 h5 26. Rh4 Rh8 27. Qf2 b6 28. a3
Kd6 29. Ra4 Ra8 30. Be4 {Bologan,V-Chandler,M/Germany/1994/}) 6. Qe2 d5 7.
Nxf6+ gxf6 8. d4 Bg7 9. dxe5 O-O 10. Bxc6 $1 (10. e6 Ne5 $1 (10... Re8 11. Be3
Bxe6 12. O-O-O a6 13. Bxc6 bxc6 14. Nd4 Bd7 15. Qf3 $14 {Ilijin,N-Dragovic,M/
Pancevo/1993/}) 11. O-O (11. Bf4 c6 12. Bd3 Nxd3+ 13. Qxd3 Bxe6 14. Nd4 Bg4 15.
O-O Qd7 16. Rfe1 Rfe8 $10 {Klovans,Y-Souleidis/Germany/1993/}) 11... Bxe6 12.
Nd4 Bg4 13. f3 Bd7 14. Bxd7 Qxd7 15. f4 Nc6 16. Qe6+ Rf7 17. Qxd7 Rxd7 18. Nxc6
bxc6 19. Re1 f5 20. Rb1 Rb8 21. b3 Bc3 $15 {Ambarcumian-Chachian/Armenien/1993/
}) 10... bxc6 11. e6 Re8 12. O-O Rxe6 13. Qd3 c5 14. Rd1 c6 15. Bf4 $5 (15. Qa3
Qe7 16. Bd2 Bf8 17. Re1 c4 18. Qxe7 Rxe7 19. b3 cxb3 20. axb3 c5 $132 {
Kosenkov-Brilla-Banfalvi/corr/1985/89/}) (15. Be3 Qe7 16. Qa3 Bf8 17. Nd2 a5
18. c4 d4 19. Bf4 Bd7 $13 {Tseskovsky,V-Parma,B/Bled/Portoroz/1979/}) (15. c4
Qe7 (15... Ba6 $5 16. Qf5 Qc8 17. Qc2 Bxc4 18. Be3 f5 19. Qxf5 Rg6 {1/2-1/2
Dortshev-Tserednitshenko/Moscow/1990/}) 16. Be3 Ba6 17. Qa3 d4 18. Bxd4 Bxc4
19. Bxc5 Qe8 20. Re1 (20. Nd4 $1) 20... Bd5 21. Rxe6 Qxe6 22. Re1 Qg4 23. h3
Qh5 24. Nd2 $2 (24. Nh2 $1) 24... Qg6 $6 (24... Bxg2 $1 25. Kxg2 Qg5+ {/\Qd2})
25. Nf3 Kh8 26. Nh4 Qg5 27. g3 f5 28. Bb4 Rg8 29. Bc3 f4 30. Bxg7+ Qxg7 31. Nf5
Qf6 32. g4 $16 {Filipovic-Velimirovic,D/Banja Luka/1981/}) 15... Qe7 $6 (15...
Qb6 $5) 16. Re1 Bd7 17. Rxe6 Qxe6 18. Re1 Qf5 19. Qd2 Re8 20. Rxe8+ Bxe8 21.
Bd6 c4 $2 (21... Bf8 $5 22. Qe3 Bxd6 23. Qxe8+ Kg7 24. Qxc6 Qxc2 25. g3 Qe4 26.
Qxd6 (26. Nh4 Be7 27. Qd7 Kf7 28. Qxa7 Qb1+ 29. Kg2 Qxb2 30. Nf5 Qe2 $13) 26...
Qxf3 27. Qxc5 Qd1+ 28. Kg2 d4 29. Qxa7+ Kg6 {d4o^}) 22. Qe3 Qd7 23. Bc5 Bg6 24.
c3 a6 25. Nd4 Kf7 (25... Bf8 $5) 26. h3 Bb1 27. a3 Be4 28. Qf4 {/\29.Qb8} Qb7
29. Qd6 $1 Qxb2 $2 (29... Kg6 $8 30. Nxc6 Qxb2 31. Ne7+ Kf7 32. Nxd5 Qb7 (32...
Bxd5 33. Qxd5+ Kg6 34. Qxc4 $18) 33. Nc7 Kg6 (33... Bxg2 $2 34. Qe6+ Kg6 35.
Qg4+ Kf7 36. Qh5+ Kg8 37. Qe8+ $18) 34. Ne8 Kf7 35. Nxg7 Kxg7 36. Bd4 Qf7 37.
Qxa6 $16) 30. Qe7+ Kg6 31. Ne6 $6 (31. Qe8+ $1 Kh6 (31... Kg5 32. Ne6+ Kh4 33.
g3+ Kxh3 34. Qh5#) 32. Nf5+ $1 Kg5 (32... Bxf5 33. Be3#) 33. Be3+ Kxf5 34. g4#)
31... Qc1+ (31... Qb1+ 32. Kh2 Qb8+ 33. Bd6 {Knaak,R} (33. g3 $1 Qg8 (33... Bh6
34. Nd8 $18) 34. Nf4+ Kh6 35. Be3 $18) 33... Qg8 34. Nf4+ Kh6 35. Qa7 (35. Bc5
Qb8 $1) 35... Bh8 36. Qxa6 Qe8 37. a4 f5 $13) 32. Kh2 Bh6 33. Qe8+ Kf5 34. g4+
Ke5 35. Nd4+ (35. Nd4+ Kf4 36. Bd6+ Kg5 37. Qh5#) 1-0

[Event "Ubeda m"]
[Site "Ubeda"]
[Date "1994.??.??"]
[Round "2"]
[White "Karpov, Anatoly"]
[Black "Lautier, Joel"]
[Result "1-0"]
[WhiteElo "2780"]
[BlackElo "2645"]
[Annotator "Lautier,J"]
[PlyCount "85"]
[EventDate "1994.11.??"]
[EventType "match"]
[EventRounds "6"]
[EventCountry "ESP"]
[SourceTitle "CBM 045"]
[Source "ChessBase"]
[SourceDate "1995.04.01"]
[SourceVersion "1"]
[SourceVersionDate "1995.04.01"]
[SourceQuality "1"]

1. e4 {Wedberg} e5 2. Nf3 Nc6 3. Bb5 f5 4. Nc3 fxe4 5. Nxe4 d5 6. Ng3 (6. Nxe5
{Wedberg,T main line}) 6... Bg4 7. h3 Bxf3 8. Qxf3 Nf6 9. O-O Bd6 $1 (9... Qd6
$5 {Wedberg,T} 10. d4 e4 11. Qf5 g6 12. Qe5+ Kf7 13. Qxd6 Bxd6 14. Be3 Ne7 $10
{Richardson,K-Boey,J/corr/1972/}) 10. Nh5 $8 e4 $1 (10... Nxh5 {Wedberg,T} 11.
Qxh5+ g6 12. Qf3 a6 13. Ba4 Qh4 14. c4 Qxc4 15. Qf6 Kd7 $5 (15... Rf8 16. Qe6+
Kd8 17. b4 $1 Qxb4 18. Bxc6 bxc6 19. d4 $16 {Keres/Parma}) 16. Qg7+ Ke6 $13 {
Tseitlin,M}) 11. Nxf6+ (11. Qf5 {Wedberg,T} O-O $1 (11... Nxh5 12. Qxh5+ g6 13.
Qh6 Qf6 14. d3 O-O-O 15. Qg5 Qf5 16. dxe4 dxe4 17. Be3 h6 18. Qxf5+ gxf5 19.
Rad1 $14 {Dvoyris,S-Smirin,I/Polanica Zdroj/1989}) 12. Nxf6+ Qxf6 13. Qxd5+ Kh8
14. Bxc6 bxc6 15. Qxe4 Rae8 16. Qc4 Re1 $1 $19 {Zamanov-Agzamov/URS/1965})
11... Qxf6 12. Qxf6 (12. Qh5+ Qf7 13. Qxf7+ Kxf7 14. f3 exf3 15. Rxf3+ Ke6 $10)
12... gxf6 13. d3 O-O-O 14. dxe4 dxe4 15. Re1 (15. Be3 f5 (15... Ne5 $13 {
Wedberg,T Tseitlin,M}) 16. Rad1 f4 17. Bxc6 bxc6 18. Bd4 Rhg8 $10) 15... f5 16.
Kf1 Rde8 $1 17. Bh6 (17. Be3 f4 18. Bxc6 bxc6 19. Bd4 Rhg8 $10) 17... Re6 (
17... Be5 18. c3 Re6 19. Be3 f4 20. Bc5 Bf6 21. Rad1 $14) 18. Bg7 Rd8 (18...
Rg8 $4 {Wedberg,T} 19. Bc4 $18) 19. Rad1 Be5 $4 (19... Ne5 $142 $1 20. c3 (20.
Ba4 Rg6 21. Bxe5 Bxe5 $10) 20... Rg8 $1 (20... Rg6 $6 21. Bxe5 Bxe5 22. Rxd8+
Kxd8 23. f3) 21. Bxe5 Rxe5 $10) 20. Bxc6 $1 $16 bxc6 (20... Bxg7 $2 21. Bxb7+
$18) (20... Rxd1 $5 21. Rxd1 bxc6 22. Bxe5 Rxe5 23. Ke2 Rd5 24. Rg1 Kd7 25. Ke3
Ke6 26. g4 f4+ 27. Kxe4 Rd2 28. f3 Rxc2 29. Kxf4 Rxb2 30. Kg5 Rxa2 31. f4 $16)
21. Rxd8+ Kxd8 22. Bxe5 Rxe5 23. Ke2 Ke7 (23... f4 $5 {Wedberg,T} 24. g3 Rf5 $1
25. Rd1+ Kc8 26. gxf4 (26. Rd4 $2 fxg3 27. fxg3 Rf3 $10) (26. g4 Rd5 $1 $10)
26... Rxf4 27. Rg1 Rh4 28. Rg3 $14) 24. Ke3 Rb5 25. b3 Ra5 (25... Rd5 26. f3 $5
exf3 27. Kxf3+ Kf6 28. Re3 c5 (28... Rc5 29. c4 $16) 29. Rc3 Ke5 30. Rc4 Kd6
31. g3 $16 {/\ Ra4}) 26. a4 Rd5 27. g4 Kf6 28. Rg1 a5 29. h4 $1 h6 (29... c5
30. Rg3 $1 Rd1 31. gxf5 Rc1 (31... Kxf5 32. Rg5+ $18) 32. Kd2 Rf1 33. Ke2 Rc1
34. Rc3 $18) 30. gxf5 (30. Rg3 $2 Rd1 31. gxf5 Kxf5 $13) 30... Rxf5 31. Rg8 $1
Rf3+ 32. Kxe4 Rc3 (32... Rxf2 $2 33. Rf8+ $18) (32... Rh3 33. Rg4 $1 h5 (33...
Rc3 34. h5 $18) 34. Rf4+ Ke6 35. f3 $18) 33. h5 $1 Rxc2 34. Rg6+ Ke7 35. f4 c5
36. Rxh6 c4 37. bxc4 Rxc4+ 38. Kf5 Rxa4 39. Rc6 Rb4 40. h6 Kf8 41. Rf6+ Kg8 42.
Kg6 Rb8 43. f5 1-0

[Event "RUS-Cup3"]
[Site "Omsk"]
[Date "1996.??.??"]
[Round "9"]
[White "Korneev, Oleg"]
[Black "Khachiyan, Melikset"]
[Result "1/2-1/2"]
[WhiteElo "2565"]
[BlackElo "2480"]
[Annotator "Notkin,M"]
[PlyCount "63"]
[EventDate "1996.12.13"]
[EventType "swiss"]
[EventRounds "9"]
[EventCountry "RUS"]
[SourceTitle "CBM 057"]
[Source "ChessBase"]
[SourceDate "1997.04.01"]
[SourceVersion "1"]
[SourceVersionDate "1997.04.01"]
[SourceQuality "1"]

1. e4 e5 2. Nf3 Nc6 3. Bb5 f5 4. Nc3 fxe4 5. Nxe4 Nf6 6. Qe2 d5 7. Nxf6+ gxf6
8. d4 Bg7 9. dxe5 O-O 10. e6 (10. Bxc6 bxc6 11. e6 Re8 12. O-O c5 13. Qb5 Bf8
14. b3 Rxe6 15. Qa5 d4 16. Bf4 Bd6 17. Bxd6 Rxd6 $13 {Almasi,Z-Khalifman,A/
Wijk aan Zee/1995/0,5/27/}) 10... Ne5 (10... Re8 11. O-O Bxe6 (11... Rxe6 12.
Be3 Ne5 13. Rad1 c6 14. Bd3 Ng4 15. Nd4 Re5 16. Qf3 Nxe3 17. fxe3 $14 {Adams,
M-Vanhul,C/Oostende/1991/1-0/44/}) 12. Qd3 (12. Bxc6 bxc6 13. Nd4 Bd7 14. Qf3
f5 15. c3 Qf6 16. Bf4 $14 {Malishauskas,V-Ivanov,S/Groningen/1992/1-0/39/})
12... Qd6 13. Be3 a6 14. Bxc6 Qxc6 15. Nd4 Qd7 16. Nxe6 Qxe6 17. Rad1 Rad8 18.
Bd4 $14 {Timman,J-Korchnoi,V/Bruxelles/1991/1-0/38/}) 11. Bf4 (11. O-O c6 12.
Bd3 Bxe6 13. Nd4 Bg4 14. f3 Nxd3 (14... Bd7 15. Bf5 Re8 16. Bxd7 Qxd7 17. f4 c5
$13 {Becerra Rivero,J-Alonso,R/Matanzas/1993/1-0/53/}) 15. fxg4 Nxc1 16. Raxc1
Qb6 17. c3 Rae8 $10 {Pioch,T-Sobjerg,E/Kobenhavn/1995/0,5/21/}) 11... c6 12.
Bd3 Nxd3+ (12... Re8 13. Nxe5 fxe5 14. Bxh7+ Kxh7 15. Qh5+ Kg8 16. Qf7+ Kh8 17.
Qh5+ Kg8 18. Qf7+ Kh8 {Feher,G-Szell,L/Hungary/1992/0,5/18/}) 13. Qxd3 Bxe6 (
13... c5 14. O-O Bxe6 15. c3 Qd7 16. Nh4 Rad8 17. Rad1 Rfe8 18. h3 $14 {
De La Villa Garcia,J-Naylor,J/London/1994/1-0/35/}) 14. Nd4 Bf7 15. O-O-O Qd7
$1 {><f5/} (15... Qa5 $6 16. Kb1 Rfe8 17. h4 Re4 18. Qg3 Kh8 19. f3 $16 {
Nikolaidis,K-Kontopoulos,D/Athens/1993/1-0/31/}) 16. h4 Rfe8 17. h5 Re4 18. g3
$2 (18. Qg3 Kh8 19. f3 Re7 $13) 18... c5 19. Nb5 Rb4 20. Nc3 (20. Nd6 $2 Rxf4
$1 21. Nxf7 Rd4 $19) 20... d4 21. h6 Bh8 22. Ne4 Qd5 23. a3 Rb6 24. c4 Qd7 (
24... Qxc4+ 25. Qxc4 Bxc4 26. Nxc5 f5 $15) 25. Nxc5 $2 (25. g4 $15) 25... Qc8
26. Qxd4 Rc6 27. Bd6 b6 (27... f5 28. Qe3 b6 29. Qg5+ Bg6 30. Be7 Qc7 31. Nd3
Rxc4+ 32. Kb1 $13) 28. Rh4 f5 $1 (28... bxc5 29. Rg4+ Bg6 30. Qd5+ $18) (28...
Rxd6 29. Rg4+ Bg6 30. Qxd6 bxc5 (30... Qxc5 31. Qe6+ Kf8 32. Rxg6 hxg6 33. Rd7
$18) (30... Qxg4 31. Qd5+ $18) 31. Rxg6+ $1 hxg6 32. Qe7 {/\33.h7#}) (28...
Rxc5 29. Bxc5 Qxc5 30. Qe4 Rc8 31. Rg4+ Bg6 (31... Kf8 32. Qxh7 $18) 32. Qe6+
Kf8 $13) 29. Qd2 bxc5 $2 (29... Bf6 $19) 30. Rg4+ $1 fxg4 31. Qg5+ Bg6 32. Qd5+
1/2-1/2